[Event "Steinfurt Bezirksklasse 1617"]
[Site "Germany"]
[Date "2017.04.08"]
[Round "8.5"]
[White "Weber, Stefan"]
[Black "Thiele, Simon"]
[Result "0-1"]
[WhiteElo "1145"]
[BlackElo "1272"]
[PlyCount "46"]
[EventDate "2016.09.17"]
[EventType "team"]
[EventRounds "10"]
[EventCountry "GER"]
[SourceTitle "EXT 2018"]
[Source "ChessBase"]
[SourceDate "2017.10.13"]
[SourceVersion "1"]
[SourceVersionDate "2017.10.13"]
[SourceQuality "1"]
[WhiteTeam "Reckenfeld II"]
[BlackTeam "Emsdetten Rochade VI"]
[WhiteTeamCountry "GER"]
[BlackTeamCountry "GER"]

1. e4 e5 2. Nf3 Nc6 3. Nc3 Nf6 4. Bc4 Bb4 5. d3 d6 6. Bg5 h6 7. Bd2 Bg4 8. h3 Bh5 9. g4 Bg6 10. Nh4 Bh7 11. Bb5 Nxe4 12. Nxe4 Bxd2+ 13. Nxd2 Qxh4 14. Nf3 Qf6 15. Qe2 0-0-0 16. 0-0-0 Qf4+ 17. Nd2 Nd4 18. Qe1 Nxb5 19. c4 Nd4 20. Qf1 e4 21. Qg2 exd3 22. Kb1 Rhe8 23. Ka1 Re2 0-1